[Event "Russian Higher League 2021"]
[Site "?"]
[Date "2021.07.04"]
[Round "8.20"]
[White "Obgolts, Erik"]
[Black "Ibadov, Dashgyn"]
[Result "1/2-1/2"]
[WhiteElo "2425"]
[BlackElo "2285"]
[Annotator ""]
[Source ""]
[Remark ""]

1.e4 {[%clk 1:30:56]} e5 {[%clk 1:30:43]} 2.Nf3 {[%clk 1:31:22]}
Nc6 {[%clk 1:31:10]} 3.Bb5 {[%clk 1:31:47]} a6 {[%clk 1:31:34]}
4.Ba4 {[%clk 1:32:11]} Nf6 {[%clk 1:31:53]} 5.O-O {[%clk 1:32:26]}
Be7 {[%clk 1:31:51]} 6.Re1 {[%clk 1:32:42]} b5 {[%clk 1:32:14]}
7.Bb3 {[%clk 1:33:08]} d6 {[%clk 1:32:30]} 8.c3 {[%clk 1:33:23]}
O-O {[%clk 1:32:47]} 9.h3 {[%clk 1:33:37]} Nb8 {[%clk 1:32:42]}
10.d4 {[%clk 1:34:02]} Nbd7 {[%clk 1:33:06]} 11.Nbd2 {[%clk 1:34:28]}
Bb7 {[%clk 1:33:29]} 12.Bc2 {[%clk 1:34:54]} Re8 {[%clk 1:33:33]}
13.Nf1 {[%clk 1:35:12]} Bf8 {[%clk 1:33:33]} 14.Ng3 {[%clk 1:35:33]}
g6 {[%clk 1:33:23]} 15.a4 {[%clk 1:35:58]} Bg7 {[%clk 1:33:03]}
16.Bd3 {[%clk 1:35:49]} exd4 {[%clk 1:27:46]} 17.cxd4 {[%clk 1:33:02]}
c5 {[%clk 1:28:07]} 18.Bf4 {[%clk 1:27:01]} cxd4 {[%clk 1:12:47]}
19.Bxd6 {[%clk 1:26:04]} Re6 {[%clk 1:03:18]} 20.Ba3 {[%clk 1:22:21]}
Qb6 {[%clk 0:48:24]} 21.axb5 {[%clk 1:00:02]} axb5 {[%clk 0:48:29]}
22.Ng5 {[%clk 0:59:21]} b4 {[%clk 0:43:50]} 23.Nxe6 {[%clk 0:59:21]}
fxe6 {[%clk 0:44:15]} 24.Rb1 {[%clk 0:58:03]} Nc5 {[%clk 0:37:14]}
25.Bc4 {[%clk 0:56:46]} Nfd7 {[%clk 0:36:49]} 26.f4 {[%clk 0:52:49]}
bxa3 {[%clk 0:32:39]} 27.bxa3 {[%clk 0:53:15]} Qd6 {[%clk 0:28:11]}
28.Qf3 {[%clk 0:42:31]} d3 {[%clk 0:23:52]} 29.Kh1 {[%clk 0:42:25]}
Rxa3 {[%clk 0:23:45]} 30.Red1 {[%clk 0:41:49]} Rc3 {[%clk 0:20:17]}
31.Rxb7 {[%clk 0:35:52]} Nxb7 {[%clk 0:18:22]} 32.e5 {[%clk 0:36:13]}
Qb6 {[%clk 0:17:12]} 33.Bxe6+ {[%clk 0:36:19]} Qxe6 {[%clk 0:17:32]}
34.Qxb7 {[%clk 0:36:45]} Qb3 {[%clk 0:09:07]} 35.Qxd7 {[%clk 0:35:55]}
Qxd1+ {[%clk 0:09:34]} 36.Kh2 {[%clk 0:36:21]} Qb3 {[%clk 0:06:29]}
37.Ne4 {[%clk 0:35:31]} Qc4 {[%clk 0:03:20]} 38.e6 {[%clk 0:20:14]}
Qc7 {[%clk 0:03:23]} 39.Qe8+ {[%clk 0:20:39]} Bf8 {[%clk 0:03:49]}
40.Nf6+ {[%clk 0:47:06]} Kg7 {[%clk 0:34:06]} 41.Nd5 {[%clk 0:47:32]}
Qa7 {[%clk 0:07:59]} 42.Nxc3 {[%clk 0:29:12]} Bd6 {[%clk 0:07:45]}
43.Nd5 {[%clk 0:20:56]} d2 {[%clk 0:06:35]} 44.e7 {[%clk 0:21:23]}
Bxe7 {[%clk 0:06:31]} 45.Nxe7 {[%clk 0:21:49]} d1Q {[%clk 0:05:58]}
46.Qg8+ {[%clk 0:22:14]} Kh6 {[%clk 0:01:06]} 47.Qf8+ {[%clk 0:11:07]}
Kh5 {[%clk 0:01:33]} 48.g4+ {[%clk 0:11:29]} Qxg4 {[%clk 0:01:59]}
49.hxg4+ {[%clk 0:11:56]} Kxg4 {[%clk 0:02:25]} 50.Qc8+ {[%clk 0:12:18]}
Kxf4 {[%clk 0:02:34]} 51.Qc1+ {[%clk 0:12:16]} Kg4 {[%clk 0:01:27]}
52.Qd1+ {[%clk 0:12:17]} Kg5 {[%clk 0:00:47]} 53.Qd2+ {[%clk 0:12:31]}
Kf6 {[%clk 0:00:36]} 54.Nd5+ {[%clk 0:12:38]} Ke6 {[%clk 0:00:56]}
55.Nf4+ {[%clk 0:12:34]} Kf5 {[%clk 0:01:13]} 56.Nd5 {[%clk 0:11:57]}
Qb8+ {[%clk 0:01:09]} 57.Kg2 {[%clk 0:12:15]} Qe5 {[%clk 0:01:20]}
58.Ne3+ {[%clk 0:12:40]} Ke6 {[%clk 0:01:13]} 59.Qa2+ {[%clk 0:13:06]}
Ke7 {[%clk 0:01:19]} 60.Qa7+ {[%clk 0:13:26]} Kf8 {[%clk 0:01:41]}
61.Kf3 {[%clk 0:12:27]} Kg8 {[%clk 0:01:59]} 62.Qa8+ {[%clk 0:12:42]}
Kg7 {[%clk 0:02:17]} 63.Qb7+ {[%clk 0:13:08]} Kg8 {[%clk 0:02:38]}
64.Qb3+ {[%clk 0:11:58]} Kg7 {[%clk 0:03:00]} 65.Ng4 {[%clk 0:12:16]}
Qf5+ {[%clk 0:03:30]} 66.Kg3 {[%clk 0:12:39]} Qg5 {[%clk 0:04:00]}
67.Qc3+ {[%clk 0:12:45]} Kg8 {[%clk 0:04:25]} 68.Qc4+ {[%clk 0:12:57]}
Kg7 {[%clk 0:04:52]} 69.Qd4+ {[%clk 0:13:14]} Kg8 {[%clk 0:05:18]}
70.Kh3 {[%clk 0:13:27]} Qh5+ {[%clk 0:05:44]} 71.Kg2 {[%clk 0:13:54]}
Qg5 {[%clk 0:06:11]} 72.Kf3 {[%clk 0:13:45]} Qf5+ {[%clk 0:06:25]}
73.Ke3 {[%clk 0:14:10]} Qe6+ {[%clk 0:06:36]} 74.Ne5 {[%clk 0:14:23]}
Kg7 {[%clk 0:06:09]} 75.Qd7+ {[%clk 0:13:53]} 1/2-1/2

[Event "Russian Higher League 2021"]
[Site "?"]
[Date "2021.07.04"]
[Round "8.21"]
[White "Grigorjev, Iljya"]
[Black "Truskavetsky, Alexandr"]
[Result "1-0"]
[WhiteElo "2377"]
[BlackElo "2386"]
[Annotator ""]
[Source ""]
[Remark ""]

1.Nf3 {[%clk 1:30:49]} Nf6 {[%clk 1:30:35]} 2.g3 {[%clk 1:30:58]}
g6 {[%clk 1:30:01]} 3.Bg2 {[%clk 1:31:11]} Bg7 {[%clk 1:30:22]}
4.O-O {[%clk 1:31:29]} O-O {[%clk 1:30:42]} 5.c4 {[%clk 1:31:39]}
c6 {[%clk 1:27:00]} 6.d4 {[%clk 1:28:08]} d5 {[%clk 1:27:25]}
7.cxd5 {[%clk 1:26:26]} cxd5 {[%clk 1:27:48]} 8.Nc3 {[%clk 1:26:51]}
Nc6 {[%clk 1:20:49]} 9.Ne5 {[%clk 1:27:12]} e6 {[%clk 1:13:59]}
10.Nxc6 {[%clk 1:22:48]} bxc6 {[%clk 1:14:28]} 11.Bf4 {[%clk 1:22:54]}
Nh5 {[%clk 1:10:15]} 12.Be3 {[%clk 1:23:03]} f5 {[%clk 0:52:08]}
13.Bf3 {[%clk 1:00:08]} f4 {[%clk 0:49:25]} 14.Bc1 {[%clk 1:00:32]}
fxg3 {[%clk 0:35:03]} 15.hxg3 {[%clk 1:00:47]} e5 {[%clk 0:34:57]}
16.dxe5 {[%clk 0:58:33]} Bh3 {[%clk 0:27:14]} 17.Re1 {[%clk 0:52:59]}
Bxe5 {[%clk 0:27:32]} 18.Nxd5 {[%clk 0:39:18]} cxd5 {[%clk 0:24:43]}
19.Qxd5+ {[%clk 0:39:15]} Qxd5 {[%clk 0:25:05]} 20.Bxd5+ {[%clk 0:39:40]}
Kg7 {[%clk 0:25:14]} 21.Bxa8 {[%clk 0:40:03]} Rxa8 {[%clk 0:25:38]}
22.Be3 {[%clk 0:40:24]} a5 {[%clk 0:20:41]} 23.Red1 {[%clk 0:36:47]}
Be6 {[%clk 0:15:08]} 24.Bd4 {[%clk 0:34:04]} Bxd4 {[%clk 0:15:31]}
25.Rxd4 {[%clk 0:34:28]} a4 {[%clk 0:15:33]} 26.a3 {[%clk 0:27:28]}
Nf6 {[%clk 0:12:47]} 27.Rc1 {[%clk 0:27:45]} Ra7 {[%clk 0:12:40]}
28.f3 {[%clk 0:26:44]} Bb3 {[%clk 0:12:29]} 29.e4 {[%clk 0:25:39]}
Rb7 {[%clk 0:11:05]} 30.Kf2 {[%clk 0:24:46]} g5 {[%clk 0:07:37]}
31.Ke3 {[%clk 0:17:15]} Re7 {[%clk 0:07:42]} 32.Rc5 {[%clk 0:16:16]}
h6 {[%clk 0:07:31]} 33.e5 {[%clk 0:09:42]} Nh5 {[%clk 0:05:06]}
34.Kf2 {[%clk 0:09:48]} Kh7 {[%clk 0:04:24]} 35.Rd6 {[%clk 0:01:13]}
Ng7 {[%clk 0:04:41]} 36.Rcc6 {[%clk 0:01:28]} Nf5 {[%clk 0:03:07]}
37.Rf6 {[%clk 0:01:47]} Rxe5 {[%clk 0:03:00]} 38.g4 {[%clk 0:01:58]}
Ne7 {[%clk 0:02:12]} 39.Rxh6+ {[%clk 0:01:27]} Kg7 {[%clk 0:02:42]}
40.Rb6 {[%clk 0:30:52]} Rc5 {[%clk 0:31:25]} 41.Kg3 {[%clk 0:29:40]}
Bf7 {[%clk 0:24:18]} 42.Rhd6 {[%clk 0:28:20]} Ng6 {[%clk 0:09:04]}
43.Rd4 {[%clk 0:24:29]} Bb3 {[%clk 0:08:23]} 44.Rd7+ {[%clk 0:24:35]}
Bf7 {[%clk 0:08:14]} 45.Ra7 {[%clk 0:24:32]} Rc4 {[%clk 0:02:29]}
46.Rb5 {[%clk 0:24:42]} Kg8 {[%clk 0:00:43]} 47.Rxg5 {[%clk 0:24:57]}
Rc2 {[%clk 0:01:01]} 48.Rxa4 {[%clk 0:24:45]} Rxb2 {[%clk 0:01:19]}
49.Ra7 {[%clk 0:25:08]} Rb3 {[%clk 0:01:24]} 50.a4 {[%clk 0:25:30]} 1-0

[Event "Russian Higher League 2021"]
[Site "?"]
[Date "2021.07.04"]
[Round "8.22"]
[White "Grachev, Alexey"]
[Black "Zabotin, Alexander"]
[Result "1-0"]
[WhiteElo "2347"]
[BlackElo "2506"]
[Annotator ""]
[Source ""]
[Remark ""]

1.e4 {[%clk 1:30:57]} c5 {[%clk 1:26:34]} 2.Nf3 {[%clk 1:31:19]}
d6 {[%clk 1:26:58]} 3.Bb5+ {[%clk 1:31:43]} Nc6 {[%clk 1:21:56]}
4.O-O {[%clk 1:32:03]} Bd7 {[%clk 1:22:24]} 5.Re1 {[%clk 1:32:03]}
a6 {[%clk 1:22:50]} 6.Bf1 {[%clk 1:32:14]} Bg4 {[%clk 1:22:28]}
7.c3 {[%clk 1:30:06]} Nf6 {[%clk 1:22:31]} 8.h3 {[%clk 1:29:39]}
Bxf3 {[%clk 1:18:21]} 9.Qxf3 {[%clk 1:30:02]} g6 {[%clk 1:18:47]}
10.d3 {[%clk 1:29:23]} Bg7 {[%clk 1:19:11]} 11.Be3 {[%clk 1:29:26]}
Nd7 {[%clk 1:18:03]} 12.Nd2 {[%clk 1:27:53]} b5 {[%clk 1:17:30]}
13.Qd1 {[%clk 1:23:14]} O-O {[%clk 1:15:07]} 14.Nf3 {[%clk 1:19:11]}
b4 {[%clk 1:06:51]} 15.Qa4 {[%clk 1:14:20]} Qc7 {[%clk 1:05:38]}
16.d4 {[%clk 1:13:08]} Rfb8 {[%clk 1:04:05]} 17.Rec1 {[%clk 1:01:17]}
Rb6 {[%clk 0:59:33]} 18.Nd2 {[%clk 0:44:06]} Qb7 {[%clk 0:59:41]}
19.Nc4 {[%clk 0:38:58]} Rb5 {[%clk 0:59:40]} 20.Qd1 {[%clk 0:38:13]}
cxd4 {[%clk 0:37:29]} 21.cxd4 {[%clk 0:38:31]} d5 {[%clk 0:37:51]}
22.Ne5 {[%clk 0:25:37]} Ncxe5 {[%clk 0:27:51]} 23.Bxb5 {[%clk 0:25:52]}
Qxb5 {[%clk 0:27:46]} 24.dxe5 {[%clk 0:26:12]} Bxe5 {[%clk 0:28:07]}
25.Rc2 {[%clk 0:21:14]} dxe4 {[%clk 0:27:16]} 26.Rac1 {[%clk 0:21:14]}
h5 {[%clk 0:08:11]} 27.Bd4 {[%clk 0:18:41]} Re8 {[%clk 0:04:25]}
28.Rc8 {[%clk 0:15:05]} Rxc8 {[%clk 0:02:17]} 29.Rxc8+ {[%clk 0:15:33]}
Kg7 {[%clk 0:02:44]} 30.Bxe5+ {[%clk 0:15:24]} Nxe5 {[%clk 0:03:11]}
31.Qd4 {[%clk 0:15:19]} f6 {[%clk 0:02:17]} 32.Qxe4 {[%clk 0:15:22]}
g5 {[%clk 0:02:32]} 33.Rd8 {[%clk 0:12:42]} Qc5 {[%clk 0:02:36]}
34.Rd1 {[%clk 0:12:30]} a5 {[%clk 0:02:51]} 35.Qd4 {[%clk 0:12:21]}
Qc2 {[%clk 0:02:57]} 36.Qd2 {[%clk 0:10:51]} Qf5 {[%clk 0:02:20]}
37.Qd8 {[%clk 0:09:48]} Ng6 {[%clk 0:02:42]} 38.a3 {[%clk 0:07:17]}
Qc2 {[%clk 0:01:17]} 39.Qd2 {[%clk 0:07:44]} Qb3 {[%clk 0:01:32]}
40.axb4 {[%clk 0:37:58]} axb4 {[%clk 0:32:00]} 41.Re1 {[%clk 0:37:37]}
Qc4 {[%clk 0:30:39]} 42.Re3 {[%clk 0:35:24]} g4 {[%clk 0:27:35]}
43.hxg4 {[%clk 0:35:49]} hxg4 {[%clk 0:28:01]} 44.Qe1 {[%clk 0:35:42]}
f5 {[%clk 0:27:53]} 45.b3 {[%clk 0:26:33]} Qd4 {[%clk 0:28:07]}
46.Qb1 {[%clk 0:24:18]} Kf6 {[%clk 0:26:30]} 47.Rd3 {[%clk 0:23:09]}
Qc5 {[%clk 0:26:19]} 48.Qa1+ {[%clk 0:22:08]} e5 {[%clk 0:17:02]}
49.Qa6+ {[%clk 0:21:10]} Kg5 {[%clk 0:17:28]} 50.Qc4 {[%clk 0:17:20]}
Qb6 {[%clk 0:17:32]} 51.Qc1+ {[%clk 0:17:27]} f4 {[%clk 0:14:10]}
52.Qc8 {[%clk 0:14:43]} Qa7 {[%clk 0:04:45]} 53.Qd8+ {[%clk 0:14:39]}
Qe7 {[%clk 0:03:28]} 54.Qb6 {[%clk 0:10:45]} Kf5 {[%clk 0:02:19]}
55.Rd6 {[%clk 0:10:04]} Nf8 {[%clk 0:02:35]} 56.Qxb4 {[%clk 0:09:06]}
Ne6 {[%clk 0:03:01]} 57.Qd2 {[%clk 0:09:02]} Nc5 {[%clk 0:02:42]}
58.Qc2+ {[%clk 0:09:10]} Ne4 {[%clk 0:03:08]} 59.Qc8+ {[%clk 0:09:36]}
Kg5 {[%clk 0:03:20]} 60.Qg8+ {[%clk 0:10:01]} 1-0

[Event "Russian Higher League 2021"]
[Site "?"]
[Date "2021.07.04"]
[Round "8.23"]
[White "Saveliev, Alexei"]
[Black "Tugarin, Anton"]
[Result "1-0"]
[WhiteElo "2381"]
[BlackElo "2247"]
[Annotator ""]
[Source ""]
[Remark ""]

1.e4 {[%clk 1:30:58]} e6 {[%clk 1:27:31]} 2.d4 {[%clk 1:31:13]}
d5 {[%clk 1:27:38]} 3.Nd2 {[%clk 1:30:08]} c5 {[%clk 1:27:05]}
4.exd5 {[%clk 1:27:22]} Qxd5 {[%clk 1:27:21]} 5.dxc5 {[%clk 1:27:43]}
Nf6 {[%clk 1:27:42]} 6.Ngf3 {[%clk 1:27:58]} Qxc5 {[%clk 1:27:45]}
7.Bd3 {[%clk 1:25:20]} Nbd7 {[%clk 1:27:24]} 8.O-O {[%clk 1:06:18]}
Be7 {[%clk 1:21:14]} 9.Qe2 {[%clk 0:58:48]} Qc7 {[%clk 1:11:21]}
10.Nb3 {[%clk 0:58:50]} O-O {[%clk 0:59:00]} 11.Re1 {[%clk 0:58:47]}
b6 {[%clk 0:57:10]} 12.Bg5 {[%clk 0:56:31]} Bb7 {[%clk 0:56:00]}
13.c3 {[%clk 0:54:44]} h6 {[%clk 0:52:05]} 14.Bh4 {[%clk 0:54:38]}
Nd5 {[%clk 0:51:34]} 15.Bg3 {[%clk 0:49:03]} Bd6 {[%clk 0:50:11]}
16.Bc2 {[%clk 0:41:42]} Nf4 {[%clk 0:35:24]} 17.Qe3 {[%clk 0:38:36]}
Nf6 {[%clk 0:35:06]} 18.Rad1 {[%clk 0:38:02]} N4d5 {[%clk 0:33:10]}
19.Qe2 {[%clk 0:35:15]} Bxg3 {[%clk 0:20:53]} 20.hxg3 {[%clk 0:35:39]}
Rad8 {[%clk 0:21:02]} 21.Nbd4 {[%clk 0:35:28]} Ba8 {[%clk 0:18:54]}
22.Rd2 {[%clk 0:33:23]} Qc5 {[%clk 0:13:25]} 23.Red1 {[%clk 0:24:52]}
Rde8 {[%clk 0:12:19]} 24.Ne5 {[%clk 0:23:26]} Re7 {[%clk 0:12:22]}
25.a3 {[%clk 0:17:34]} Nd7 {[%clk 0:06:57]} 26.Nef3 {[%clk 0:13:00]}
N5f6 {[%clk 0:06:40]} 27.c4 {[%clk 0:10:40]} Qh5 {[%clk 0:05:16]}
28.b4 {[%clk 0:08:33]} Ng4 {[%clk 0:04:53]} 29.Nh4 {[%clk 0:04:59]}
Ndf6 {[%clk 0:04:06]} 30.Re1 {[%clk 0:04:30]} g5 {[%clk 0:02:54]}
31.Nhf3 {[%clk 0:03:52]} Rd8 {[%clk 0:03:05]} 32.Nc6 {[%clk 0:02:09]}
Red7 {[%clk 0:03:18]} 33.Rxd7 {[%clk 0:02:26]} Rxd7 {[%clk 0:03:43]}
34.b5 {[%clk 0:02:53]} Rd6 {[%clk 0:03:29]} 35.Rd1 Bxc6 {[%clk 0:02:31]}
36.bxc6 {[%clk 0:02:09]} Rxc6 {[%clk 0:02:53]} 37.Rd8+ {[%clk 0:02:04]}
Kg7 {[%clk 0:03:18]} 38.Qd3 {[%clk 0:01:33]} e5 {[%clk 0:02:18]}
39.Ra8 {[%clk 0:01:10]} Qh1+ {[%clk 0:02:04]} 40.Kxh1 {[%clk 0:31:34]}
Nxf2+ {[%clk 0:32:33]} 41.Kg1 {[%clk 0:27:56]} Nxd3 {[%clk 0:30:37]}
42.Bxd3 {[%clk 0:28:20]} e4 {[%clk 0:26:35]} 43.Nd4 {[%clk 0:28:47]}
Rc5 {[%clk 0:26:32]} 44.Be2 {[%clk 0:28:44]} Ra5 {[%clk 0:26:42]}
45.Nc2 {[%clk 0:28:29]} h5 {[%clk 0:24:25]} 46.Kf2 {[%clk 0:25:30]}
Kg6 {[%clk 0:23:42]} 47.Ke3 {[%clk 0:23:41]} Kg7 {[%clk 0:21:34]}
48.Rd8 {[%clk 0:21:17]} Kg6 {[%clk 0:21:37]} 49.Rd1 {[%clk 0:21:20]}
Re5 {[%clk 0:15:56]} 50.Rb1 {[%clk 0:19:55]} Nd7 {[%clk 0:14:48]}
51.Rh1 {[%clk 0:18:24]} Nf6 {[%clk 0:14:33]} 52.Rd1 {[%clk 0:18:50]}
Kh6 {[%clk 0:12:45]} 53.Kd4 {[%clk 0:18:51]} Re6 {[%clk 0:11:49]}
54.Ne3 {[%clk 0:19:11]} Kg6 {[%clk 0:12:08]} 55.Rh1 {[%clk 0:18:15]}
g4 {[%clk 0:10:29]} 56.Nd5 {[%clk 0:17:02]} Rd6 {[%clk 0:07:05]}
57.Rf1 {[%clk 0:17:24]} Nd7 {[%clk 0:07:14]} 58.Kxe4 {[%clk 0:17:13]}
Nc5+ {[%clk 0:06:56]} 59.Kd4 {[%clk 0:17:21]} Kg7 {[%clk 0:06:51]}
60.Rh1 {[%clk 0:16:05]} Re6 {[%clk 0:07:04]} 61.Bd3 {[%clk 0:15:58]}
Kh6 {[%clk 0:06:35]} 62.Rf1 {[%clk 0:10:43]} Kg7 {[%clk 0:06:49]}
63.Kc3 {[%clk 0:05:03]} Re5 {[%clk 0:06:34]} 64.Nf4 {[%clk 0:03:38]}
Kh6 {[%clk 0:04:05]} 65.Kd4 {[%clk 0:03:56]} Re8 {[%clk 0:03:31]}
66.Rh1 {[%clk 0:02:46]} Rd8+ {[%clk 0:03:52]} 67.Kc3 {[%clk 0:03:06]}
Re8 {[%clk 0:03:05]} 68.Rxh5+ {[%clk 0:03:22]} Kg7 {[%clk 0:03:34]}
69.Rh7+ {[%clk 0:02:34]} Kg8 {[%clk 0:03:45]} 70.Rh4 {[%clk 0:02:55]}
Re1 {[%clk 0:03:48]} 71.Rxg4+ {[%clk 0:02:35]} Kf8 {[%clk 0:04:11]}
72.Bc2 {[%clk 0:01:58]} Re3+ {[%clk 0:03:49]} 73.Nd3 {[%clk 0:02:15]}
Nd7 {[%clk 0:01:56]} 74.Kd2 {[%clk 0:02:34]} Re6 {[%clk 0:02:15]}
75.Rd4 {[%clk 0:02:56]} Nf6 {[%clk 0:02:37]} 76.Nf4 {[%clk 0:03:15]}
Re5 {[%clk 0:02:57]} 77.Nd5 {[%clk 0:03:33]} Nh5 {[%clk 0:01:58]}
78.g4 {[%clk 0:03:21]} Ng7 {[%clk 0:02:14]} 79.Nc7 {[%clk 0:03:12]}
Ra5 {[%clk 0:02:09]} 80.Rd8+ {[%clk 0:03:18]} Ke7 {[%clk 0:02:38]}
81.Rd3 {[%clk 0:03:21]} Rc5 {[%clk 0:02:53]} 82.Nd5+ {[%clk 0:03:47]}
Kf8 {[%clk 0:03:16]} 83.Bb3 {[%clk 0:03:48]} Ne6 {[%clk 0:03:38]}
84.a4 {[%clk 0:03:16]} Kg7 {[%clk 0:03:45]} 85.Kc3 {[%clk 0:03:24]}
Rc8 {[%clk 0:03:44]} 86.Bc2 {[%clk 0:03:09]} Rh8 {[%clk 0:03:34]}
87.Rh3 {[%clk 0:03:33]} Rd8 {[%clk 0:02:30]} 88.Rh7+ {[%clk 0:03:48]}
Kg8 {[%clk 0:02:48]} 89.Nf6+ {[%clk 0:04:08]} Kf8 {[%clk 0:03:12]}
90.Rh8+ {[%clk 0:04:35]} Ke7 {[%clk 0:03:34]} 91.Rxd8 {[%clk 0:04:19]}
Nxd8 {[%clk 0:03:54]} 92.Nd5+ {[%clk 0:04:36]} Kd6 {[%clk 0:03:51]}
93.g5 {[%clk 0:04:55]} Ne6 {[%clk 0:04:06]} 94.g6 {[%clk 0:05:14]}
fxg6 {[%clk 0:04:35]} 95.Bxg6 {[%clk 0:05:43]} Nc5 {[%clk 0:04:54]}
96.Bc2 {[%clk 0:06:02]} Ke5 {[%clk 0:05:11]} 97.Nb4 {[%clk 0:05:39]}
Kd6 {[%clk 0:05:23]} 98.Nd3 {[%clk 0:06:00]} Ne6 {[%clk 0:05:41]}
99.Bd1 {[%clk 0:06:10]} Ng5 {[%clk 0:06:01]} 100.Bf3 {[%clk 0:06:32]}
Ne6 {[%clk 0:06:25]} 101.Bd5 {[%clk 0:06:55]} Kxd5 1-0

[Event "Russian Higher League 2021"]
[Site "?"]
[Date "2021.07.04"]
[Round "8.24"]
[White "Samojlov, Anton"]
[Black "Askerov, Marat"]
[Result "0-1"]
[WhiteElo "2372"]
[BlackElo "2354"]
[Annotator ""]
[Source ""]
[Remark ""]

1.d4 {[%clk 1:30:57]} Nf6 {[%clk 1:30:50]} 2.c4 {[%clk 1:31:19]}
e6 {[%clk 1:31:16]} 3.Nc3 {[%clk 1:31:34]} Bb4 {[%clk 1:31:37]}
4.e3 {[%clk 1:31:49]} O-O {[%clk 1:31:50]} 5.Nf3 {[%clk 1:31:59]}
d5 {[%clk 1:30:56]} 6.Bd2 {[%clk 1:32:16]} c5 {[%clk 1:30:01]}
7.a3 {[%clk 1:32:17]} cxd4 {[%clk 1:29:32]} 8.axb4 {[%clk 1:30:39]}
dxc3 {[%clk 1:29:48]} 9.Bxc3 {[%clk 1:30:02]} Ne4 {[%clk 1:29:42]}
10.cxd5 {[%clk 1:25:26]} exd5 {[%clk 1:29:26]} 11.Qd4 {[%clk 1:24:35]}
Nxc3 {[%clk 1:28:58]} 12.bxc3 {[%clk 1:24:33]} Nc6 {[%clk 1:28:21]}
13.Qf4 {[%clk 1:21:20]} Be6 {[%clk 1:19:45]} 14.Bd3 {[%clk 1:20:57]}
h6 {[%clk 1:15:25]} 15.O-O {[%clk 1:18:34]} a6 {[%clk 1:15:52]}
16.Rfd1 {[%clk 1:15:01]} Qe7 {[%clk 1:14:12]} 17.h4 {[%clk 0:55:07]}
Rac8 {[%clk 1:13:17]} 18.Rdc1 {[%clk 0:35:36]} Qc7 {[%clk 1:08:01]}
19.Qxc7 {[%clk 0:26:59]} Rxc7 {[%clk 1:06:42]} 20.b5 {[%clk 0:27:28]}
axb5 {[%clk 1:06:36]} 21.Rcb1 {[%clk 0:27:24]} Rfc8 {[%clk 1:01:52]}
22.Rxb5 {[%clk 0:20:33]} Nd8 {[%clk 1:01:32]} 23.Nd4 {[%clk 0:20:09]}
Rxc3 {[%clk 1:01:23]} 24.Be2 {[%clk 0:20:28]} Kf8 {[%clk 0:57:30]}
25.Kh2 {[%clk 0:18:15]} R3c5 {[%clk 0:57:02]} 26.Rb6 {[%clk 0:17:47]}
Ke7 {[%clk 0:56:22]} 27.Ra7 {[%clk 0:17:40]} R8c7 {[%clk 0:53:55]}
28.Bf3 {[%clk 0:14:34]} Rd7 {[%clk 0:50:29]} 29.Ra8 {[%clk 0:04:05]}
Nc6 {[%clk 0:42:12]} 30.Rc8 {[%clk 0:03:55]} Kd6 {[%clk 0:40:25]}
31.Nb5+ {[%clk 0:01:28]} Ke5 {[%clk 0:40:37]} 32.Nd4 {[%clk 0:01:32]}
Rc4 {[%clk 0:35:19]} 33.Be2 {[%clk 0:01:09]} Nxd4 {[%clk 0:33:17]}
34.Bxc4 {[%clk 0:01:02]} dxc4 {[%clk 0:33:26]} 35.exd4+ Kxd4
{[%clk 0:33:24]} 36.Kg3 {[%clk 0:00:42]} Kd3 {[%clk 0:30:40]}
37.f3 {[%clk 0:00:40]} c3 {[%clk 0:30:33]} 38.Rb1 {[%clk 0:00:49]}
Kd2 {[%clk 0:30:34]} 39.Kf2 {[%clk 0:01:04]} Kc2 {[%clk 0:30:42]}
40.Re1 {[%clk 0:31:21]} Rd2+ {[%clk 1:01:05]} 41.Rc5 0-1

[Event "Russian Higher League 2021"]
[Site "?"]
[Date "2021.07.04"]
[Round "8.25"]
[White "Borisov, Maxim S."]
[Black "Galaktionov, Artem"]
[Result "0-1"]
[WhiteElo "2051"]
[BlackElo "2318"]
[Annotator ""]
[Source ""]
[Remark ""]

1.d4 {[%clk 1:30:58]} d5 {[%clk 1:30:57]} 2.c4 {[%clk 1:31:22]}
e6 {[%clk 1:31:25]} 3.Nc3 {[%clk 1:31:45]} Be7 {[%clk 1:31:53]}
4.Nf3 {[%clk 1:32:08]} Nf6 {[%clk 1:32:19]} 5.Bf4 {[%clk 1:32:31]}
O-O {[%clk 1:32:46]} 6.e3 {[%clk 1:32:54]} c6 {[%clk 1:33:10]}
7.Bd3 {[%clk 1:30:05]} Nbd7 {[%clk 1:30:43]} 8.c5 {[%clk 1:30:27]}
Nh5 {[%clk 1:30:44]} 9.O-O {[%clk 1:30:33]} Nxf4 {[%clk 1:31:12]}
10.exf4 {[%clk 1:31:00]} b6 {[%clk 1:31:30]} 11.b4 {[%clk 1:31:22]}
a5 {[%clk 1:31:53]} 12.a3 {[%clk 1:31:46]} Ba6 {[%clk 1:32:20]}
13.Bxa6 {[%clk 1:31:48]} Rxa6 {[%clk 1:32:47]} 14.Qe2 {[%clk 1:29:41]}
b5 {[%clk 1:24:46]} 15.Ra2 {[%clk 1:28:24]} Bf6 {[%clk 1:20:44]}
16.Rfa1 {[%clk 1:17:56]} Qc7 {[%clk 1:20:10]} 17.g3 {[%clk 1:10:09]}
g6 {[%clk 1:11:12]} 18.Kg2 {[%clk 1:08:19]} Bg7 {[%clk 1:02:36]}
19.h4 {[%clk 1:07:24]} Rfa8 {[%clk 0:51:18]} 20.Qc2 {[%clk 1:01:54]}
axb4 {[%clk 0:40:11]} 21.axb4 {[%clk 1:02:23]} Qb7 {[%clk 0:40:35]}
22.Rxa6 {[%clk 0:59:13]} Rxa6 {[%clk 0:40:50]} 23.Rxa6 {[%clk 0:59:38]}
Qxa6 {[%clk 0:41:16]} 24.Qa2 {[%clk 1:00:03]} Nb8 {[%clk 0:41:30]}
25.Qxa6 {[%clk 1:00:15]} Nxa6 {[%clk 0:41:59]} 26.Na2 {[%clk 1:00:37]}
f6 {[%clk 0:40:34]} 27.Kf1 {[%clk 0:57:25]} Kf7 {[%clk 0:32:05]}
28.Ke2 {[%clk 0:57:48]} Ke7 {[%clk 0:31:08]} 29.Kd3 {[%clk 0:58:07]}
Nb8 {[%clk 0:21:52]} 30.Nc1 {[%clk 0:57:22]} Nd7 {[%clk 0:20:24]}
31.Nb3 {[%clk 0:56:42]} Kd8 {[%clk 0:19:14]} 32.Ke3 {[%clk 0:52:40]}
h6 {[%clk 0:12:47]} 33.Kd3 {[%clk 0:41:36]} e5 {[%clk 0:11:03]}
34.fxe5 {[%clk 0:40:37]} fxe5 {[%clk 0:10:02]} 35.dxe5 {[%clk 0:40:58]}
Nxe5+ {[%clk 0:10:29]} 36.Nxe5 {[%clk 0:41:20]} Bxe5 {[%clk 0:10:56]}
37.Na5 {[%clk 0:41:40]} Kd7 {[%clk 0:11:19]} 38.Kc2 {[%clk 0:41:58]}
Bd4 {[%clk 0:11:31]} 39.g4 {[%clk 0:40:41]} h5 {[%clk 0:10:36]}
40.f3 {[%clk 1:07:18]} Bf2 {[%clk 0:40:55]} 0-1

[Event "Russian Higher League 2021"]
[Site "?"]
[Date "2021.07.04"]
[Round "8.26"]
[White "Chyndygyr, Tamerlan"]
[Black "Nurachev, Abdul"]
[Result "1-0"]
[WhiteElo "2121"]
[BlackElo "1773"]
[Annotator ""]
[Source ""]
[Remark ""]

1.d4 {[%clk 1:30:58]} d5 {[%clk 1:29:13]} 2.c4 {[%clk 1:31:22]}
e6 {[%clk 1:29:33]} 3.Nc3 {[%clk 1:31:46]} Be7 {[%clk 1:29:58]}
4.Nf3 {[%clk 1:32:11]} Nf6 {[%clk 1:30:21]} 5.Bf4 {[%clk 1:32:34]}
O-O {[%clk 1:29:19]} 6.e3 {[%clk 1:32:08]} c5 {[%clk 1:26:22]}
7.dxc5 {[%clk 1:31:30]} Bxc5 {[%clk 1:26:40]} 8.Qc2 {[%clk 1:31:12]}
Nc6 {[%clk 1:24:07]} 9.a3 {[%clk 1:26:54]} Qa5 {[%clk 1:21:35]}
10.Rd1 {[%clk 1:25:18]} Be7 {[%clk 1:17:38]} 11.Nd2 {[%clk 1:18:00]}
e5 {[%clk 1:02:50]} 12.Nb3 {[%clk 1:16:31]} Qc7 {[%clk 0:51:39]}
13.Bg3 {[%clk 1:11:11]} dxc4 {[%clk 0:50:48]} 14.Bxc4 {[%clk 1:11:01]}
Bg4 {[%clk 0:41:32]} 15.f3 {[%clk 1:09:13]} Bh5 {[%clk 0:41:49]}
16.O-O {[%clk 1:08:38]} Qb6 {[%clk 0:40:03]} 17.Bf2 {[%clk 1:06:47]}
a6 {[%clk 0:31:19]} 18.e4 {[%clk 0:49:41]} Qc7 {[%clk 0:31:37]}
19.Nd5 {[%clk 0:49:30]} Nxd5 {[%clk 0:31:03]} 20.Bxd5 {[%clk 0:43:43]}
Rab8 {[%clk 0:27:52]} 21.Be3 {[%clk 0:42:16]} Kh8 {[%clk 0:23:55]}
22.Qf2 {[%clk 0:41:49]} f6 {[%clk 0:19:48]} 23.Nc5 {[%clk 0:31:53]}
Bxc5 {[%clk 0:16:28]} 24.Bxc5 {[%clk 0:32:10]} Rfe8 {[%clk 0:16:39]}
25.Bb3 {[%clk 0:27:13]} Rbc8 {[%clk 0:13:56]} 26.Bd6 {[%clk 0:25:35]}
Qa5 {[%clk 0:13:52]} 27.Rd5 {[%clk 0:25:55]} b5 {[%clk 0:13:52]}
28.Bc5 {[%clk 0:25:49]} Nd4 {[%clk 0:10:30]} 29.Bxd4 {[%clk 0:25:34]}
exd4 {[%clk 0:10:55]} 30.Rxh5 {[%clk 0:26:00]} Re5 {[%clk 0:09:44]}
31.Rxh7+ {[%clk 0:22:12]} Kxh7 {[%clk 0:10:10]} 32.Qh4+ {[%clk 0:22:32]}
Kg6 {[%clk 0:10:37]} 33.f4 {[%clk 0:21:52]} Rcc5 {[%clk 0:07:39]}
34.f5+ {[%clk 0:22:01]} Rxf5 {[%clk 0:08:05]} 35.exf5+ {[%clk 0:22:23]}
Rxf5 {[%clk 0:08:33]} 36.Bc2 {[%clk 0:22:27]} d3 {[%clk 0:08:36]}
37.Bxd3 {[%clk 0:22:49]} Qb6+ {[%clk 0:08:51]} 38.Qf2 {[%clk 0:23:08]}
 1-0